|
|
|
|
| LEADER |
00000nab a2200000 a 4500 |
| 001 |
vtls010462287 |
| 003 |
SK-MaSNL |
| 005 |
20260303093922.0 |
| 008 |
121022c2012 xo wrzp 0 0slo |
| 015 |
|
|
|a SNBRB2012/10
|2 rvgkpd
|
| 038 |
|
|
|a RVGKPD
|
| 040 |
|
|
|a RVGKPD
|b slo
|c RVGKPD
|e AACR2
|
| 041 |
0 |
|
|a slo
|
| 044 |
|
|
|a xo
|c SK
|
| 080 |
|
|
|a 368.914.2
|x (437.6)
|2 1997
|
| 100 |
1 |
|
|a Mihočková, Eva
|4 aut
|4 ivr
|9 1035619
|
| 245 |
1 |
0 |
|a Prehra
|b vinou Smeru budú dôchodky v budúcnosti menej štedré, hovorí exminister Jozef Mihál
|
| 300 |
|
|
|b Fotogr.
|
| 600 |
1 |
7 |
|a Mihál, Jozef,
|d 1965-
|2 rvgkpd
|9 186196
|
| 650 |
0 |
7 |
|a dôchodkové systémy
|2 rvgkpd
|9 74017
|
| 655 |
|
7 |
|a rozhovory
|2 rvgkpd
|9 31831
|
| 700 |
1 |
|
|a Mihál, Jozef,
|d 1965-
|4 aut
|4 ive
|9 186196
|
| 773 |
0 |
|
|t Plus 7 dní
|g Roč. XXII, č. 34 (2012), s. 24-26
|x 1210-4040
|
| 852 |
|
|
|a RVGKPD
|b KIS3G
|
| 856 |
4 |
1 |
|u http://www.pluska.sk/plus-7-dni/rozhovory/jozef-mihal-vinou-smeru-budu-dochodky-buducnosti-menej-stedre.html
|
| 992 |
|
|
|a RBX
|
| 999 |
|
|
|c 1817883
|d 1819813
|